Countries by area - Click quiz - Statistics

General Stats
  • This quiz has been taken 9 times
  • The average score is 9 of 20
Answer Stats
Hint Answer % Correct
881.913km² Pakistan
83%
160km² Liechtenstein
67%
268.021km² New zealand
67%
110.994km² Bulgaria
50%
78.866km² Czechia
50%
301.338km² Italy
50%
64.589km² Latvia
50%
1.030.700km² Mauritania
50%
450.295km² Sweden
50%
41.285km² Switzerland
50%
9.251km² Cyprus
33%
23.200km² Djibouti
33%
283.561km² Ecuador
33%
131.957km² Greece
33%
5.131km² Trinidad and Tobago
33%
163.610km² Tunisia
33%
12.189km² Vanuatu
33%
45.227km² Estonia
17%
69.700km² Georgia
17%
185.180km² Syria
17%
No matching quizzes found
Score Distribution
Percent of People with Each Score
Percentile by Number Answered
Your Score History
You have not taken this quiz